دراسة حول تربية المعوقين في البلاد العربية / (Record no. 16365)

MARC details
000 -الفاتح
عناصر البيانات ثابتة الطول 00855cam a2200193 i 4500
005 - تاريخ ووقت آخر معاملة
حقل ضبط 20260203085601.0
008 - عناصر البيانات ثابتة الطول
عناصر البيانات ثابتة الطول 250721s1982 xx gr 000 0 ara d
082 14 - رقم تصنيف ديوي العشري
رقم التصنيف 371.920956
رقم المادة م ح م
100 1# - مدخل رئيسي – اسم شخصي
الاسم الشخصي الراجحي، محمد
علاقة الشخص بالعمل/ دوره معد.
245 10 - بيان العنوان
العنوان دراسة حول تربية المعوقين في البلاد العربية /
بيان المسؤولية إعداد الاستاذ محمد الراجحي، الدكتور عبد الرزاف عمار.
264 31 - بيانات النشر، التوزيع…إلخ
مكان النشر، التوزيع...إلخ تونس :
اسم الناشر، الموزع...إلخ المنظمة العربية للتربية والثقافة والعلوم - أدارة البحوث التربوية،
تاريخ النشر، التوزيع...إلخ 1982.
300 ## - الوصف المادي
عدد الوحدات المكونة للوعاء 255 صفحة.
650 17 - مدخل إضافي بالموضوع - مصطلح موضوعي
مصطلح موضوعي أو اسم جغرافي كعنصر مدخل التعليم الخاص.
650 17 - مدخل إضافي بالموضوع - مصطلح موضوعي
مصطلح موضوعي أو اسم جغرافي كعنصر مدخل البلدان العربية.
650 17 - مدخل إضافي بالموضوع - مصطلح موضوعي
مصطلح موضوعي أو اسم جغرافي كعنصر مدخل المعوقون.
700 1# - مدخل إضافي - اسم شخصي
الاسم الشخصي عمار، عبد الرزاق
علاقة الشخص بالعمل/ دوره معد.
942 ## - بيانات إضافية (كوها)
نوع التنصيف Dewey Decimal Classification
نوع المادة (كوها) Books
Holdings
حالة السحب حالة الفقدان مصدر التصنيف حالة التلف غير قابل للإعارة المكتبة الرئيسية المكتبة الحالية موقع الرف تاريخ التزويد الرقم المتسلسل Total Checkouts رقم الإستدعاء الباركود تاريخ آخر ظهور تاريخ الفاتورة نوع المادة (كوها)
    Dewey Decimal Classification     المكتبة المركزية المكتبة المركزية الإعارة 06/07/2004 75916   371.920956 / م ح م 75916 28/07/2025 06/07/2004 Books
    Dewey Decimal Classification     المكتبة المركزية المكتبة المركزية الإعارة 06/07/2004 73937   371.920956/محم 73937 28/07/2025 06/07/2004 Books
Implemented & Customized by: BBB with SCIT (Smart Chains for Information Technology)

Powered by Koha